Applied thermodynamics for engineering technologists (Record no. 10734)

000 -LEADER
fixed length control field 00547nam a2200205u 4500
001 - CONTROL NUMBER
control field 10734
003 - CONTROL NUMBER IDENTIFIER
control field BD-DhUET
008 - FIXED-LENGTH DATA ELEMENTS--GENERAL INFORMATION
fixed length control field 810312q1963 enk 000 0 eng
040 ## - CATALOGING SOURCE
Original cataloging agency DLC
Transcribing agency DLC
Modifying agency BD-DhUET
082 ## - DEWEY DECIMAL CLASSIFICATION NUMBER
Classification number 621.01
Item number EAS/1963
100 ## - MAIN ENTRY--PERSONAL NAME
Personal name Eastop, T. D.
245 10 - TITLE STATEMENT
Title Applied thermodynamics for engineering technologists
250 ## - EDITION STATEMENT
Edition statement 1st ed.
260 ## - PUBLICATION, DISTRIBUTION, ETC. (IMPRINT)
Place of publication, distribution, etc. London
Name of publisher, distributor, etc. Longmans
Date of publication, distribution, etc. 1963
300 ## - PHYSICAL DESCRIPTION
Extent xi, 788p.
Other physical details ill.
504 ## - BIBLIOGRAPHY, ETC. NOTE
Bibliography, etc Includes bibliographies
650 #0 - SUBJECT ADDED ENTRY--TOPICAL TERM
Topical term or geographic name as entry element Thermodynamics, Engineering
700 ## - ADDED ENTRY--PERSONAL NAME
Personal name McConkey, A.
942 ## - ADDED ENTRY ELEMENTS (KOHA)
Koha item type General Book
Holdings
Price effective from Date acquired Copy number Koha issues (times borrowed) Location (home branch) Koha full call number Lost status Koha date last seen Piece designation (barcode) Koha date last borrowed Koha normalized classification for sorting Withdrawn status Source of classification or shelving scheme Koha item type Not for loan Damaged status Sublocation or collection (holding branch) Shelving location
2015-02-092015-02-091 Central Library, BUET621.01/EAS/1963 2015-02-0923814 621_010000000000000_EAS_1963  General Book  Central Library, BUETCirculation section
2015-04-162015-04-1621Central Library, BUET621.01/EAS/1963 2024-10-1937422024-09-17621_010000000000000_EAS_1963  General Book  Central Library, BUETCirculation section
2015-04-272015-04-273 Central Library, BUET621.01/EAS/1963 2015-04-2718258 621_010000000000000_EAS_1963  General Book  Central Library, BUETCirculation section
2015-06-162015-06-164 Central Library, BUET621.01/EAS/1963 2015-06-1618256 621_010000000000000_EAS_1963  Reading Item  Central Library, BUETReading section